[Event "GBR-ch 109th"]
[Site "Leicester"]
[Date "2023.07.29"]
[Round "8"]
[White "Starley, Robert"]
[Black "Cox, Toby"]
[Result "1-0"]
[WhiteElo "2064"]
[BlackElo "1967"]
[PlyCount "121"]
[EventDate "2023.07.22"]
[EventType "swiss"]
[EventRounds "9"]
[EventCountry "ENG"]
[SourceTitle "CBM 215 Extra"]
[Source "ChessBase"]
[SourceDate "2023.09.30"]
[SourceVersion "1"]
[SourceVersionDate "2023.09.30"]
[SourceQuality "1"]

1. e4 e6 2. d4 d5 3. Nc3 Nf6 4. Bg5 dxe4 5. Nxe4 Be7 6. Nxf6+ Bxf6 7. Bxf6 Qxf6 8. Nf3 0-0 9. Qd3 Nc6 10. Qe4 Re8 11. Bd3 g6 12. Ne5 Nb4 13. Bb5 Rd8 14. c3 Nd5 15. 0-0 Qf4 16. Bd3 f6 17. Nf3 Qxe4 18. Bxe4 c6 19. a4 Bd7 20. Rfe1 a5 21. Nd2 Nb6 22. Bc2 Rac8 23. Nb3 Nc4 24. Nc5 b6 25. Nxd7 Rxd7 26. Bb3 b5 27. Rxe6 Kf7 28. Rae1 Rb7 29. h4 Rcc7 30. R1e2 Kg7 31. Bxc4 bxc4 32. Re8 Ra7 33. Rb8 Kf7 34. Ree8 Rcb7 35. Rec8 Rxb8 36. Rxb8 Ke6 37. Kf1 Kd6 38. Ke2 Ke6 39. Kd2 Kd6 40. b3 cxb3 41. Rxb3 Kd5 42. Kd3 Re7 43. Rb8 Ra7 44. Rd8+ Ke6 45. Kc4 Ke7 46. Rb8 Kd6 47. Rb6 Re7 48. f3 Re2 49. d5 Rxg2 50. Rxc6+ Kd7 51. Rxf6 h6 52. h5 gxh5 53. Rxh6 Rf2 54. Rxh5 Rxf3 55. Rh7+ Kd6 56. Rh6+ Ke5 57. Re6+ Kf5 58. Ra6 Rf4+ 59. Kb5 Ke4 60. c4 Kd3 61. Rc6 1-0

[Event "SCO-ch op 128th"]
[Site "Dunfermline"]
[Date "2023.07.08"]
[Round "2"]
[White "Cox, Toby"]
[Black "Balaji, Aaravamudhan"]
[Result "0-1"]
[WhiteElo "1967"]
[BlackElo "2334"]
[PlyCount "58"]
[EventDate "2023.07.07"]
[EventType "swiss"]
[EventRounds "5"]
[EventCountry "SCO"]
[SourceTitle "CBM 215 Extra"]
[Source "ChessBase"]
[SourceDate "2023.09.30"]
[SourceVersion "1"]
[SourceVersionDate "2023.09.30"]
[SourceQuality "1"]

1. e4 e5 2. f4 d5 3. exd5 exf4 4. Nf3 Nf6 5. Bc4 Nxd5 6. 0-0 Be6 7. Bb3 Nc6 8. d4 Nf6 9. Re1 Be7 10. Bxe6 fxe6 11. Bxf4 0-0 12. Rxe6 Nh5 13. Bc1 Rxf3 14. Rxc6 bxc6 15. gxf3 Bd6 16. Qe2 Qh4 17. Nc3 Rf8 18. Be3 Rf6 19. Ne4 Rg6+ 20. Kh1 Qh3 21. Bg1 Nf4 22. Qf1 Rg2 23. Rc1 Kf8 24. a3 a5 25. Nxd6 cxd6 26. b4 a4 27. c3 d5 28. Rb1 h5 29. b5 cxb5 0-1

[Event "SCO-ch op 128th"]
[Site "Dunfermline"]
[Date "2023.07.07"]
[Round "1"]
[White "Irving, Neil"]
[Black "Cox, Toby"]
[Result "0-1"]
[WhiteElo "1792"]
[BlackElo "1967"]
[PlyCount "66"]
[EventDate "2023.07.07"]
[EventType "swiss"]
[EventRounds "5"]
[EventCountry "SCO"]
[SourceTitle "CBM 215 Extra"]
[Source "ChessBase"]
[SourceDate "2023.09.30"]
[SourceVersion "1"]
[SourceVersionDate "2023.09.30"]
[SourceQuality "1"]

1. Nf3 f5 2. d4 e6 3. g3 Nf6 4. c4 Bb4+ 5. Bd2 Qe7 6. a3 Bxd2+ 7. Nbxd2 0-0 8. Bg2 d6 9. 0-0 e5 10. dxe5 dxe5 11. e4 f4 12. c5 Kh8 13. b4 Bg4 14. Qc2 Nfd7 15. Qc3 g5 16. c6 Nxc6 17. b5 Nd8 18. Qxc7 b6 19. Qc3 Bxf3 20. Bxf3 Ne6 21. Nb3 Rac8 22. Qb2 Nec5 23. Rad1 Nf6 24. Nxc5 Rxc5 25. gxf4 exf4 26. Kh1 Qe5 27. Qxe5 Rxe5 28. Rg1 Rxb5 29. Rd4 h5 30. a4 Re5 31. Bd1 Nxe4 32. Bc2 Nxf2+ 33. Kg2 Re2 0-1

[Event "BCF-chT3E 2223 (4NCL)"]
[Site "England"]
[Date "2023.01.07"]
[Round "3.41"]
[White "Cox, Toby"]
[Black "Swanson, Stephen"]
[Result "1/2-1/2"]
[WhiteElo "2183"]
[BlackElo "2196"]
[PlyCount "80"]
[EventDate "2022.11.05"]
[EventType "team-tourn"]
[EventRounds "11"]
[EventCountry "ENG"]
[SourceTitle "EXT 2024"]
[Source "ChessBase"]
[SourceDate "2023.10.10"]
[SourceVersion "1"]
[SourceVersionDate "2023.10.10"]
[SourceQuality "1"]
[WhiteTeam "MK Phoenix"]
[BlackTeam "Poisoned Pawns"]
[WhiteTeamCountry "ENG"]
[BlackTeamCountry "ENG"]

1. e4 d6 2. d4 Nf6 3. Nc3 e5 4. Nf3 exd4 5. Nxd4 Be7 6. Be3 0-0 7. Be2 Re8 8. f4 Nxe4 9. Nxe4 Bh4+ 10. g3 Rxe4 11. Qd3 Qe8 12. Kf2 Bf6 13. Bf3 Re7 14. Rae1 Nc6 15. Nxc6 bxc6 16. Bd4 Bxd4+ 17. Qxd4 Bd7 18. Qa4 Rxe1 19. Rxe1 Qb8 20. Re7 Qb6+ 21. Kg2 Rd8 22. Bd5 Rf8 23. Rxd7 cxd5 24. Re7 h5 25. f5 c5 26. b3 a5 27. Qh4 Qb4 28. Qxh5 Qd2+ 29. Re2 Qd4 30. Qg5 a4 31. h4 axb3 32. axb3 Ra8 33. Qe7 Qd1 34. f6 Ra1 35. Qe8+ Kh7 36. Kf3 Qf1+ 37. Rf2 Qd1+ 38. Re2 Qf1+ 39. Rf2 Qh1+ 40. Kf4 gxf6 1/2-1/2

[Event "BCF-chT3E 2223 (4NCL)"]
[Site "England"]
[Date "2022.11.05"]
[Round "1.41"]
[White "Cox, Toby"]
[Black "Hughes, Roy"]
[Result "1/2-1/2"]
[WhiteElo "2183"]
[BlackElo "2050"]
[PlyCount "41"]
[EventDate "2022.11.05"]
[EventType "team-tourn"]
[EventRounds "11"]
[EventCountry "ENG"]
[SourceTitle "EXT 2024"]
[Source "ChessBase"]
[SourceDate "2023.10.10"]
[SourceVersion "1"]
[SourceVersionDate "2023.10.10"]
[SourceQuality "1"]
[WhiteTeam "MK Phoenix"]
[BlackTeam "Iceni"]
[WhiteTeamCountry "ENG"]
[BlackTeamCountry "ENG"]

1. e4 d5 2. exd5 Qxd5 3. Nc3 Qd6 4. d4 Nf6 5. g3 c6 6. Nge2 Bg4 7. Bg2 e6 8. 0-0 Nbd7 9. Bf4 Qb4 10. Qd2 Bxe2 11. Nxe2 Qxd2 12. Bxd2 Bd6 13. a4 a5 14. c3 0-0 15. b4 axb4 16. cxb4 Nd5 17. Rfb1 N7b6 18. a5 Nc4 19. Be1 Bc7 20. Nc1 Nd6 21. Nb3 1/2-1/2

[Event "Daventry 4NCL Easter op-A 2nd"]
[Site "Daventry"]
[Date "2022.04.18"]
[Round "7"]
[White "Gardiner, Eric D"]
[Black "Cox, Toby"]
[Result "0-1"]
[WhiteElo "1985"]
[BlackElo "1828"]
[PlyCount "148"]
[EventDate "2022.04.15"]
[EventType "swiss"]
[EventRounds "7"]
[EventCountry "ENG"]
[SourceTitle "CBM 207 Extra"]
[Source "ChessBase"]
[SourceDate "2022.05.31"]
[SourceVersion "1"]
[SourceVersionDate "2022.05.31"]
[SourceQuality "1"]

1. e4 e6 2. d4 d5 3. exd5 exd5 4. Nf3 Nf6 5. Bd3 Bd6 6. Qe2+ Be6 7. c4 0-0 8. c5 Be7 9. 0-0 Nc6 10. Nc3 Bg4 11. Be3 Re8 12. Qd2 Qd7 13. Ne5 Nxe5 14. dxe5 d4 15. Bxd4 Nd5 16. Be4 Nxc3 17. Qxc3 Rad8 18. Be3 c6 19. Qc2 Qe6 20. f4 g6 21. h3 Bf5 22. Bxf5 gxf5 23. Rad1 Rxd1 24. Rxd1 Rd8 25. Rxd8+ Bxd8 26. Qd3 Be7 27. a3 Kg7 28. b4 a6 29. Kh2 h5 30. a4 Bh4 31. g3 Be7 32. Kg2 Kf8 33. Kf3 Ke8 34. Bd2 Qg6 35. b5 axb5 36. axb5 h4 37. bxc6 Qxg3+ 38. Ke2 Qg2+ 39. Kd1 Qh1+ 40. Ke2 Qxc6 41. Qxf5 Bxc5 42. Qg4 Qe4+ 43. Kd1 Qa4+ 44. Ke2 Qc4+ 45. Kd1 Be7 46. Qg8+ Kd7 47. Qg4+ Ke8 48. Qg8+ Kd7 49. Qg4+ Kc7 50. Qf3 Qc6 51. Qb3 Qe6 52. Qc3+ Qc6 53. Qb3 Qe6 54. Qc3+ Kd7 55. Qd3+ Kc8 56. Bc3 Qb3+ 57. Ke2 b5 58. Qf5+ Qe6 59. Qxe6+ fxe6 60. Kd3 Kd7 61. Ke4 b4 62. Bb2 Kc6 63. f5 exf5+ 64. Kxf5 Kd5 65. Kg6 Ke6 66. Kg7 Bc5 67. Kg6 Bf2 68. Kg5 Bg3 69. Kg4 Bxe5 70. Bc1 Kd5 71. Kxh4 Kc4 72. Kg4 Kd3 73. Kf5 Bh8 74. h4 Kc2 0-1

[Event "London Mill Hill op U2200"]
[Site "London"]
[Date "2021.11.27"]
[Round "2"]
[White "Cox, Toby"]
[Black "Jukes, Sam"]
[Result "1-0"]
[WhiteElo "1818"]
[BlackElo "1843"]
[PlyCount "93"]
[EventDate "2021.11.27"]
[EventType "swiss"]
[EventRounds "5"]
[EventCountry "ENG"]
[SourceTitle "EXT 2023"]
[Source "ChessBase"]
[SourceDate "2022.10.05"]
[SourceVersion "1"]
[SourceVersionDate "2022.10.05"]
[SourceQuality "1"]

1. e4 c5 2. d4 cxd4 3. c3 Nf6 4. e5 Nd5 5. Nf3 Nc6 6. Bc4 Nb6 7. Bb3 d5 8. exd6 Qxd6 9. 0-0 Be6 10. Na3 Bxb3 11. axb3 e6 12. Nb5 Qb8 13. Nfxd4 Be7 14. Qg4 0-0 15. Re1 Bf6 16. h4 a6 17. Nxc6 bxc6 18. Nd4 Nd5 19. b4 Qb6 20. Nb3 Rfd8 21. h5 Ne7 22. Be3 Qb5 23. Nc5 a5 24. Rxa5 Rxa5 25. bxa5 Qxb2 26. Rd1 Rxd1+ 27. Qxd1 Nd5 28. Ne4 Nxe3 29. fxe3 h6 30. Nxf6+ gxf6 31. a6 Qb6 32. Qd3 Kf8 33. Kf2 Ke7 34. Qc4 Qb2+ 35. Kf3 Qb6 36. Qa4 Qb1 37. Kf2 Qb2+ 38. Kf3 Qb1 39. Qf4 Kf8 40. a7 Qf1+ 41. Kg3 Qe1+ 42. Kh2 Qa1 43. Qd4 Kg7 44. Qb6 Qe1 45. Qb4 Qa1 46. Qb8 Qe1 47. Qg3+ 1-0

[Event "ENG-ch U16/18"]
[Site "Milton Keynes"]
[Date "2021.10.03"]
[Round "5"]
[White "Cox, Toby"]
[Black "Kuzhelev, Timur"]
[Result "0-1"]
[WhiteElo "1795"]
[BlackElo "1874"]
[PlyCount "116"]
[EventDate "2021.10.02"]
[EventType "swiss"]
[EventRounds "5"]
[EventCountry "ENG"]
[SourceTitle "EXT 2023"]
[Source "ChessBase"]
[SourceDate "2022.10.05"]
[SourceVersion "1"]
[SourceVersionDate "2022.10.05"]
[SourceQuality "1"]

1. e4 c5 2. d4 cxd4 3. c3 Nf6 4. e5 Nd5 5. Nf3 Nc6 6. Bc4 e6 7. 0-0 d6 8. exd6 Nb6 9. Bb3 Bxd6 10. cxd4 0-0 11. Nc3 a6 12. Re1 Bd7 13. a3 Qc7 14. Qd3 Ne7 15. Bc2 Ng6 16. h4 f5 17. Bb3 Rae8 18. Ng5 Rf6 19. d5 e5 20. h5 Nf8 21. Be3 h6 22. Ne6 Nxe6 23. dxe6 Bxe6 24. Bxe6+ Rfxe6 25. Qxf5 Nc4 26. b4 Nxe3 27. Rxe3 Rf6 28. Qe4 Qf7 29. f3 Bb8 30. Nd5 Rd6 31. Rd3 Ba7+ 32. Kf1 Bd4 33. Ne3 Qxh5 34. Rad1 Rf6 35. Ke2 Qg6 36. Qxg6 Rxg6 37. g4 Bxe3 38. Kxe3 Rf6 39. Rd7 Ref8 40. Rxb7 Rxf3+ 41. Ke4 R8f4+ 42. Kxe5 Rxg4 43. a4 Ra3 44. b5 axb5 45. axb5 Rb3 46. Kd6 h5 47. Rb8+ Kh7 48. b6 h4 49. b7 h3 50. Rh1 Rgb4 51. Kc6 Rc4+ 52. Kd5 Rcb4 53. Kc6 g5 54. Ra8 Rb6+ 55. Kd5 Rxb7 56. Ra4 Kg6 57. Ra6+ Kh5 58. Ke4 Re7+ 0-1

[Event "Leamington Spa 4NCL op 25th"]
[Site "Leamington Spa"]
[Date "2021.07.11"]
[Round "5"]
[White "Moyse, Nigel John"]
[Black "Cox, Toby"]
[Result "1-0"]
[WhiteElo "2036"]
[BlackElo "1783"]
[PlyCount "55"]
[EventDate "2021.07.09"]
[EventType "swiss"]
[EventRounds "5"]
[EventCountry "ENG"]
[SourceTitle "CBM 203 Extra"]
[Source "ChessBase"]
[SourceDate "2021.09.30"]
[SourceVersion "1"]
[SourceVersionDate "2021.09.30"]
[SourceQuality "1"]

1. d4 e6 2. e4 d5 3. Nc3 Nf6 4. e5 Nfd7 5. f4 c5 6. Nf3 Nc6 7. Be3 a6 8. Be2 b5 9. 0-0 Qb6 10. dxc5 Bxc5 11. Bxc5 Nxc5 12. Kh1 b4 13. Nb1 a5 14. Nbd2 Ba6 15. Bxa6 Qxa6 16. Qe1 0-0-0 17. a3 Qb6 18. axb4 axb4 19. Qf2 Kb7 20. Qg3 g6 21. c4 d4 22. Ng5 Qc7 23. Nge4 Nxe4 24. Nxe4 Ra8 25. Nd6+ Kb6 26. c5+ Kxc5 27. Rfc1+ Kb6 28. Qd3 1-0

[Event "Leamington Spa 4NCL op 25th"]
[Site "Leamington Spa"]
[Date "2021.07.09"]
[Round "1"]
[White "Makkar, Rajat"]
[Black "Cox, Toby"]
[Result "0-1"]
[WhiteElo "2230"]
[BlackElo "1783"]
[PlyCount "78"]
[EventDate "2021.07.09"]
[EventType "swiss"]
[EventRounds "5"]
[EventCountry "ENG"]
[SourceTitle "CBM 203 Extra"]
[Source "ChessBase"]
[SourceDate "2021.09.30"]
[SourceVersion "1"]
[SourceVersionDate "2021.09.30"]
[SourceQuality "1"]

1. d4 e6 2. Nf3 f5 3. Bf4 Nf6 4. e3 b6 5. Be2 Bb7 6. 0-0 Be7 7. c4 0-0 8. h3 Ne4 9. Nfd2 d6 10. Nxe4 Bxe4 11. Nc3 Bb7 12. Bf3 Bxf3 13. Qxf3 Nd7 14. e4 e5 15. dxe5 dxe5 16. Bc1 f4 17. Rd1 Qe8 18. Nb5 Bd8 19. b3 a6 20. Nc3 Be7 21. Nd5 Bd6 22. Bb2 Rd8 23. Rac1 Qg6 24. b4 c6 25. Nxb6 Nxb6 26. c5 Bc7 27. cxb6 Bxb6 28. Bxe5 Qe6 29. Rxd8 Rxd8 30. Bxf4 Rf8 31. e5 Qxa2 32. g3 g5 33. Qg4 Bxf2+ 34. Kh1 h6 35. h4 Qd5+ 36. Kh2 Bxg3+ 37. Qxg3 Rxf4 38. Rg1 Qxe5 39. Rf1 Qe2+ 0-1